The readers' choice : (Record no. 16593)

000 -LEADER
fixed length control field 00574cam a2200205 a 4500
020 ## - INTERNATIONAL STANDARD BOOK NUMBER
ISBN 0688174353 (pbk.)
040 ## - CATALOGING SOURCE
Transcribing agency DLC
082 00 - DEWEY DECIMAL CLASSIFICATION NUMBER
Classification number 028 HIL 2002 A002 Or.
100 1# - MAIN ENTRY--AUTHOR NAME
Personal name McMains, Victoria Golden.
245 14 - TITLE STATEMENT
Title The readers' choice :
Remainder of title 200 book club favorites /
250 ## - EDITION STATEMENT
Edition statement 1st perennial ed.
260 ## - PUBLICATION, DISTRIBUTION, ETC. (IMPRINT)
Place of publication New York :
Name of publisher Quill,
Year of publication 2000.
300 ## - PHYSICAL DESCRIPTION
Number of Pages x, 270 p. ;
Dimensions 21 cm.
500 ## - GENERAL NOTE
General note Includes indexes.
650 #0 - SUBJECT ADDED ENTRY--TOPICAL TERM
Topical Term Best books
650 #0 - SUBJECT ADDED ENTRY--TOPICAL TERM
Topical Term Fiction
650 #0 - SUBJECT ADDED ENTRY--TOPICAL TERM
Topical Term Group reading
856 42 - ELECTRONIC LOCATION AND ACCESS
Uniform Resource Identifier http://www.loc.gov/catdir/description/hc042/99087624.html
942 ## - ADDED ENTRY ELEMENTS (KOHA)
Koha item type សៀវភៅភាសាអង់គ្លេស

No items available.

មជ្ឈមណ្ឌលឯការនៃសាកលវិទ្យាល័យភូមិន្ទកសិកម្មចំការដូង

Powered by Koha